Statistiques concernant Trouve les paroles - L'effet Papillon - Bénabar

Cliquez ici pour prendre le quiz!

Statistiques générales

  • Ce quiz a été pris 68 fois
  • Le résultat moyen est 191 sur 278

Statistiques - réponses

Réponse% Correct
ce
98%
ces
98%
Le
98%
le
98%
papillon
98%
la
96%
l'effet
96%
à
94%
a
94%
ça
94%
Ça
94%
c'est
94%
C'est
94%
Si
94%
si
94%
de
92%
Un
92%
un
92%
au
90%
du
90%
petite
90%
des
86%
par
86%
que
86%
te
86%
d'un
84%
se
84%
bat
82%
battement
82%
cause
82%
comme
82%
part
82%
pour
82%
Pour
82%
sur
82%
chose
80%
conséquence
80%
d'ailes
80%
grande
80%
mais
80%
Mais
80%
quelque
80%
dégât
76%
expression
76%
immense
76%
les
76%
ne
76%
autre
73%
Cambodge
73%
Il
73%
ou
73%
plus
73%
Pourtant
73%
jolie
71%
qui
71%
sa
71%
continent
69%
est
69%
orages
69%
tu
69%
fait
67%
nos
67%
son
67%
une
67%
violent
67%
mal
65%
monde
65%
cachalot
63%
Déclenche
63%
nous
63%
on
63%
pas
63%
ton
63%
Tout
63%
très
63%
bureau
61%
dans
61%
qu'on
61%
Qu'on
61%
moutons
59%
ovale
59%
papillons
59%
revenons
59%
s'envole
59%
sont
59%
toi
59%
trompé
59%
banquise
57%
côté
57%
dire
57%
faire
57%
fonde
57%
n'y
57%
Quand
57%
front
55%
l'aile
55%
mari
55%
surtout
55%
veut
55%
boule
53%
d'ozone
53%
loin
53%
l'ours
53%
personne
53%
blanc
51%
couche
51%
grossirons
51%
l'mari
51%
notre
51%
ouvriers
51%
perce
51%
t'as
51%
toussent
51%
vite
51%
contre
49%
courir
49%
devras
49%
financier
49%
s'enrhume
49%
s'étonne
49%
surprend
49%
nez
47%
occidental
47%
alors
45%
chopper
45%
d'ici
45%
dit
45%
fallait
45%
resto
45%
soleil
45%
Avec
43%
Biafine
43%
claque
43%
coup
43%
destins
43%
dominos
43%
extra-conjugale
43%
millions
43%
aventure
41%
choix
41%
gave
41%
t'endors
41%
t'enduiras
41%
théorie
41%
videur
41%
après-midi
39%
flamme
39%
mets
39%
normal
39%
propos
39%
proverbe
39%
retour
39%
Bouleverse
37%
maquille
37%
permis
37%
quelques-uns
37%
tribunal
37%
baleines
35%
cosmétiques
35%
demain
35%
devient
35%
fais
35%
harpon
35%
heures
35%
huit
35%
l'appelle
35%
Puis
35%
récupérer
35%
vacarme
35%
lèvres
33%
rouge
33%
sais
33%
bars
31%
filles
31%
murmure
31%
tournée
31%
hôtel
29%
achète
27%
qu't'auras
27%
crèmes
24%
fabrique
24%

Distribution des résultats

Percentile par nombre de réponses

% des personnes avec chaque résultat

Votre développement - résultats

Vous n’avez pas pris ce quiz